[Event "III Memorial Salvatore Nobile"]
[Site "Roma ITA"]
[Date "2010.02.11"]
[Round "6"]
[White "Cavaterra, Umberto"]
[Black "Salvagni, Gianfranco"]
[Result "0-1"]
[WhiteElo "1771"]
[BlackElo "1563"]
[PlyCount "52"]
[EventDate "2010.01.14"]

1. e4 c5 2. d4 cxd4 3. Qxd4 e6 4. Nc3 Nc6 5. Qd1 a6 6. Nf3 d6 7. Be2 Nf6 8. Bg5
Be7 9. O-O O-O 10. a3 Qc7 11. Bd3 Bd7 12. Qe2 Rac8 13. Rfe1 Ne5 14. Nxe5 dxe5
15. f4 Bc6 16. Bxf6 Bxf6 17. f5 exf5 18. Nd5 Bxd5 19. exd5 e4 20. Bxa6 bxa6 21.
Qxa6 Qc5+ 22. Kh1 Qxd5 23. Rad1 Qa2 24. Qb5 g6 25. c3 Rb8 26. Qc6 Bg7 0-1

[Event "III Memorial Salvatore Nobile"]
[Site "Roma ITA"]
[Date "2010.02.11"]
[Round "6"]
[White "Ceccarelli, Lucio"]
[Black "Prudenzano, Ruggero"]
[Result "0-1"]
[WhiteElo "1521"]
[BlackElo "1927"]
[PlyCount "46"]
[EventDate "2010.01.14"]

1. d4 Nf6 2. Nf3 c5 3. d5 e6 4. dxe6 fxe6 5. Bg5 Be7 6. e3 O-O 7. Be2 Nc6 8. c4
d5 9. Nc3 d4 10. exd4 cxd4 11. Nb5 e5 12. O-O a6 13. Na3 e4 14. Ne1 d3 15. Bh5
g6 16. Bxf6 Bxf6 17. Bg4 Bxb2 18. Bxc8 Rxc8 19. Rb1 Bxa3 20. Qb3 Qe7 21. Qc3
Bc5 22. Nxd3 exd3 23. Qxd3 Rcd8 0-1

[Event "III Memorial Salvatore Nobile"]
[Site "Roma ITA"]
[Date "2010.02.11"]
[Round "6"]
[White "D'Auria, Giuseppe"]
[Black "Vanzan, Alessandro"]
[Result "0-1"]
[WhiteElo "1525"]
[BlackElo "1777"]
[PlyCount "104"]
[EventDate "2010.01.14"]

1. d4 d5 2. c4 c6 3. Nc3 Nf6 4. a3 Bf5 5. e3 e6 6. Be2 Be7 7. Nf3 h6 8. c5 O-O
9. b4 a6 10. Bb2 Nbd7 11. a4 Ne4 12. O-O Nxc3 13. Bxc3 Nf6 14. Nd2 Ne4 15. Nxe4
Bxe4 16. b5 axb5 17. axb5 Qd7 18. Qb3 Rfb8 19. Ra3 Rxa3 20. Qxa3 b6 21. Qb2
bxc5 22. dxc5 f6 23. Bb4 e5 24. b6 d4 25. Rd1 d3 26. Qb3+ Kf8 27. Bxd3 Rd8 28.
Be2 Bd5 29. Qa4 Qb7 30. e4 Ra8 31. Qc2 Ra2 32. Qd3 Bf7 33. Bg4 Be8 34. f3 Ra4
35. Qc3 Qa6 36. Bd7 Qb5 37. Bxe8 Kxe8 38. Rb1 Rxb4 39. Qxb4 Bxc5+ 40. Qxc5
Qxc5+ 41. Kf1 Qd6 42. Ke2 Qb8 43. Kd3 Qb7 44. Kc4 Kd7 45. Kc5 Kc8 46. Rd1 Qa8
47. Rd6 Kb7 48. Rd7+ Kc8 49. Rc7+ Kd8 50. Rxc6 Qa5+ 51. Kd6 Qd2+ 52. Ke6 Qd7#
0-1

[Event "III Memorial Salvatore Nobile"]
[Site "Roma ITA"]
[Date "2010.02.11"]
[Round "6"]
[White "Di Mauro, Sebastiano"]
[Black "Castellano, Lorenzo"]
[Result "0-1"]
[WhiteElo "1832"]
[BlackElo "1825"]
[PlyCount "54"]
[EventDate "2010.01.14"]

1. e4 c5 2. Nf3 d6 3. d4 cxd4 4. Nxd4 Nf6 5. Nc3 a6 6. Bg5 e6 7. f4 Qc7 8. Qf3
b5 9. O-O-O b4 10. Nce2 Bb7 11. Bxf6 gxf6 12. Ng3 Nd7 13. Qh5 Nc5 14. Bc4 O-O-O
15. Rhe1 d5 16. exd5 exd5 17. Qf5+ Kb8 18. Qxf6 Bd6 19. Kb1 dxc4 20. Nh5 Rhe8
21. g3 Rxe1 22. Rxe1 Ne4 23. Qf5 Qc5 24. Qxc5 Bxc5 25. Nf3 Nxg3 26. Ne5 Nxh5
27. Nxc4 Bf3 0-1

[Event "III Memorial Salvatore Nobile"]
[Site "Roma ITA"]
[Date "2010.02.11"]
[Round "6"]
[White "Macri', Giuseppe"]
[Black "Musmarra, Giovanni"]
[Result "0-1"]
[WhiteElo "1248"]
[BlackElo "1735"]
[PlyCount "72"]
[EventDate "2010.01.14"]

1. e4 e5 2. Nf3 Nc6 3. Nc3 Nf6 4. a3 d5 5. Bd3 Bc5 6. b4 Bd4 7. Nxd4 exd4 8.
Ne2 dxe4 9. Bb5 O-O 10. Bb2 d3 11. Ng3 Bg4 12. Qc1 dxc2 13. h3 Be6 14. Qxc2 Nd4
15. Bxd4 Qxd4 16. O-O c6 17. Ba4 b5 18. Ne2 Qd7 19. Bb3 Bxb3 20. Qxb3 Qxd2 21.
Ng3 Rfe8 22. Rad1 Qg5 23. Rfe1 Qf4 24. Rd6 Qxd6 25. Nf5 Qd2 26. Rd1 Qe2 27. Rc1
Re6 28. Nd4 Qd3 29. Qxd3 exd3 30. Nxe6 fxe6 31. Kf1 Rd8 32. Rd1 Ne4 33. f3 Nc3
34. Rd2 Nb1 35. Rd1 d2 36. Ke2 Nc3+ 0-1

[Event "III Memorial Salvatore Nobile"]
[Site "Roma ITA"]
[Date "2010.02.11"]
[Round "6"]
[White "Marelli, Emanuele"]
[Black "Casella, Carlo"]
[Result "0-1"]
[WhiteElo "1440"]
[BlackElo "1700"]
[PlyCount "68"]
[EventDate "2010.01.14"]

1. Nf3 d5 2. d4 Nc6 3. c4 dxc4 4. d5 Nb8 5. Nc3 c6 6. e4 b5 7. dxc6 Qxd1+ 8.
Nxd1 Nxc6 9. a3 Bg4 10. Be2 Bxf3 11. Bxf3 Nd4 12. Ne3 e5 13. Bd1 Rc8 14. O-O
Nf6 15. f4 Bd6 16. Nf5 Nxf5 17. exf5 e4 18. Re1 O-O 19. Be3 a6 20. h3 Nd5 21.
Bc2 Nxe3 22. Rxe3 Bc5 23. Kf2 Rcd8 24. Ke2 Bxe3 25. Kxe3 Rfe8 26. g4 g6 27. h4
gxf5 28. gxf5 Kg7 29. Rg1+ Kh6 30. h5 Rd5 31. Rg3 Rxf5 32. Bd1 Rd5 33. Bc2 Rxh5
34. Bxe4 f5 0-1

[Event "III Memorial Salvatore Nobile"]
[Site "Roma ITA"]
[Date "2010.02.11"]
[Round "6"]
[White "Marta, Daniele"]
[Black "Quimi, Marco"]
[Result "1-0"]
[WhiteElo "2064"]
[BlackElo "2147"]
[PlyCount "85"]
[EventDate "2010.01.14"]

1. d4 Nf6 2. c4 c6 3. Nf3 d5 4. e3 Bf5 5. Nc3 e6 6. Nh4 Be7 7. Nxf5 exf5 8. Qb3
O-O 9. Qxb7 Nbd7 10. c5 f4 11. Be2 fxe3 12. fxe3 Rc8 13. O-O Rc7 14. Qb3 Re8
15. Bd2 Nf8 16. Rf3 Ne6 17. Raf1 Ng5 18. Rf5 h6 19. Bd3 g6 20. R5f4 Nh5 21.
R4f2 Bf8 22. Ne2 Rce7 23. Ng3 Nxg3 24. hxg3 Bg7 25. Qd1 Qb8 26. Qg4 Qxb2 27.
Bc1 Qc3 28. Qd1 Rxe3 29. Bxe3 Rxe3 30. Bb1 Bxd4 31. Kh1 Rxg3 32. Rc2 Rh3+ 33.
gxh3 Qxh3+ 34. Rh2 Qc3 35. Rxh6 Kg7 36. Rh4 Be3 37. Qc2 Qe5 38. Qh2 Qe8 39. Qd6
f5 40. Bxf5 gxf5 41. Qh6+ Kg8 42. Qh8+ Kf7 43. Rxf5+ 1-0

[Event "III Memorial Salvatore Nobile"]
[Site "Roma ITA"]
[Date "2010.02.11"]
[Round "6"]
[White "Maurizio, Antonio"]
[Black "Battistelli, Alessandro"]
[Result "1/2-1/2"]
[WhiteElo "1449"]
[BlackElo "1923"]
[PlyCount "87"]
[EventDate "2010.01.14"]

1. Nf3 Nf6 2. c4 g6 3. Nc3 Bg7 4. e4 d6 5. d4 O-O 6. g3 e5 7. Bg2 Nc6 8. d5 Ne7
9. Rb1 Ne8 10. b4 f5 11. O-O fxe4 12. Nxe4 Bf5 13. Nfd2 Kh8 14. f3 Bh6 15. Rb3
Qc8 16. Nf2 Bd7 17. Rd3 Nf5 18. Nde4 Bxc1 19. Qxc1 Nd4 20. Qd2 a5 21. b5 b6 22.
Nc3 Nf6 23. Ne2 Bf5 24. Ne4 Bxe4 25. fxe4 Nxe2+ 26. Qxe2 Qg4 27. Qxg4 Nxg4 28.
Rdf3 Kg7 29. Rxf8 Rxf8 30. Rxf8 Kxf8 31. Bf1 Ke7 32. h3 Ne3 33. Bd3 Nd1 34. Kg2
Nb2 35. Be2 Kf6 36. Kf3 Na4 37. a3 h5 38. h4 Nc5 39. Ke3 Nb3 40. Bd3 g5 41. Bc2
Nd4 42. Bd1 Kg6 43. Kd3 g4 44. Ke3 1/2-1/2

[Event "III Memorial Salvatore Nobile"]
[Site "Roma ITA"]
[Date "2010.02.11"]
[Round "6"]
[White "Muru, Massimo"]
[Black "Sacco, Davide"]
[Result "0-1"]
[WhiteElo "1374"]
[BlackElo "1467"]
[PlyCount "78"]
[EventDate "2010.01.14"]

1. e4 c5 2. d4 cxd4 3. c3 e6 4. cxd4 d5 5. e5 Qb6 6. Nf3 Nc6 7. Bd3 Bb4+ 8. Nc3
Nge7 9. O-O Bxc3 10. bxc3 O-O 11. Rb1 Qc7 12. Qc2 h6 13. Ba3 b6 14. Rfc1 Bb7
15. Bd6 Qd7 16. Bb5 Rfc8 17. Qe2 a6 18. Bd3 b5 19. Qd1 Na5 20. Nd2 Nc4 21. Nxc4
dxc4 22. Be2 Nd5 23. Bf3 f6 24. Qc2 f5 25. Bxd5 Bxd5 26. Ra1 Qf7 27. f3 Qg6 28.
a4 Bxf3 29. Qf2 Bc6 30. axb5 axb5 31. Rab1 Ra4 32. Qd2 Rca8 33. d5 exd5 34.
Rxb5 d4 35. Rb8+ Rxb8 36. Bxb8 d3 37. g3 Qe6 38. h4 Qd5 39. Qh2 Ra2 0-1

[Event "III Memorial Salvatore Nobile"]
[Site "Roma ITA"]
[Date "2010.02.11"]
[Round "6"]
[White "Pastore, Cosmas"]
[Black "Condemi De Felice, Alfonso"]
[Result "0-1"]
[WhiteElo "1799"]
[BlackElo "1916"]
[PlyCount "82"]
[EventDate "2010.01.14"]

1. e4 g6 2. d4 Bg7 3. f4 c5 4. Nf3 cxd4 5. Bd3 Nc6 6. Bd2 Nf6 7. Qe2 O-O 8. O-O
d5 9. e5 Ne4 10. Bc1 Bf5 11. Nbd2 Nxd2 12. Bxd2 Bxd3 13. Qxd3 Qb6 14. Rab1 e6
15. b4 f6 16. b5 Ne7 17. exf6 Bxf6 18. g4 Rae8 19. Kh1 Nc8 20. Ne5 Bxe5 21.
fxe5 Rxf1+ 22. Rxf1 Qc5 23. Rf6 Qe7 24. Bh6 Nb6 25. Bg5 Qg7 26. Qd2 Nd7 27. Bh6
Qe7 28. Bg5 Nxf6 29. Bxf6 Qd7 30. a4 Rf8 31. Qxd4 b6 32. c4 Rc8 33. cxd5 Qxd5+
34. Qxd5 exd5 35. e6 Rc4 36. g5 Rxa4 37. Be5 Re4 38. Bb8 Rxe6 39. Bxa7 d4 40.
Bb8 d3 41. Bf4 Re4 0-1

[Event "Weekend Accademia Inverno"]
[Site "Roma ITA"]
[Date "2010.02.12"]
[Round "1"]
[White "Antonetti, Mattia"]
[Black "Wollenweber, Carsten"]
[Result "0-1"]
[WhiteElo "1622"]
[BlackElo "2131"]
[PlyCount "46"]
[EventDate "2010.02.12"]

1. d4 b5 2. Nf3 Bb7 3. Bf4 Nf6 4. e3 a6 5. c4 bxc4 6. Bxc4 e6 7. O-O Be7 8. h3
O-O 9. Nbd2 d6 10. Qc2 Nbd7 11. e4 c5 12. e5 dxe5 13. dxe5 Nd5 14. Bg3 Nb4 15.
Qc3 Nb6 16. Be2 Bd5 17. Nc4 Rb8 18. a3 Nc6 19. Qc2 Nxc4 20. Bxc4 Bxf3 21. gxf3
Nd4 22. Qc3 Rb3 23. Qc1 Qa8 0-1

[Event "Weekend Accademia Inverno"]
[Site "Roma ITA"]
[Date "2010.02.12"]
[Round "1"]
[White "Biondi, Massimo"]
[Black "Maurizio, Antonio"]
[Result "1-0"]
[WhiteElo "1924"]
[BlackElo "1449"]
[PlyCount "59"]
[EventDate "2010.02.12"]

1. e4 e6 2. d4 d5 3. Nc3 Nf6 4. Bg5 Be7 5. e5 Nfd7 6. Bxe7 Qxe7 7. Nf3 O-O 8.
Bd3 c5 9. Nb5 Nc6 10. c3 f6 11. exf6 Qxf6 12. O-O a6 13. Nd6 Qe7 14. Nxc8 Raxc8
15. Re1 b5 16. Qd2 h6 17. Re3 cxd4 18. cxd4 Nb4 19. Rae1 Rf6 20. Bb1 Re8 21.
Qc3 Nb8 22. Ne5 a5 23. a3 N4a6 24. Qd3 g5 25. Ng4 Rf4 26. Nxh6+ Kf8 27. g3 Rf6
28. Ng4 Rf7 29. Qxb5 Qc7 30. Bg6 1-0

[Event "Weekend Accademia Inverno"]
[Site "Roma ITA"]
[Date "2010.02.12"]
[Round "1"]
[White "Bolla, Vittorio"]
[Black "Guiducci, Antonio"]
[Result "1-0"]
[WhiteElo "1786"]
[BlackElo "1335"]
[PlyCount "105"]
[EventDate "2010.02.12"]

1. e4 c6 2. d4 d5 3. f3 e6 4. Nc3 c5 5. Be3 Qb6 6. Bb5+ Nc6 7. dxc5 Bxc5 8.
Bxc5 Qxc5 9. Qd2 d4 10. Bxc6+ bxc6 11. O-O-O e5 12. Na4 Qb5 13. b3 f6 14. c4
Qb7 15. Qa5 Ne7 16. Nc5 Qb6 17. Qa3 Ng6 18. Nd3 Kf7 19. Ne2 Bd7 20. h3 Rhc8 21.
Rhf1 c5 22. f4 Kg8 23. fxe5 fxe5 24. Rf2 Be8 25. Rdf1 a5 26. Nxe5 Bc6 27. Nxc6
Qxc6 28. Ng3 Ne5 29. Kd2 Qh6+ 30. Kd1 Qe3 31. Nf5 Qg5 32. Qc1 Qh5+ 33. g4 Qxh3
34. Ne7+ Kh8 35. Nxc8 Qxg4+ 36. Kc2 Qxe4+ 37. Kb2 Nd3+ 38. Ka3 Nxf2 39. Rxf2
Rxc8 40. Qf4 Qe7 41. Qf5 Rd8 42. Rf3 Kg8 43. Rh3 g6 44. Qd3 Rd6 45. Qd2 Re6 46.
Qxa5 Re3 47. Rh1 d3 48. Qa8+ Kg7 49. Rh2 g5 50. Qa6 Qf6 51. Rxh7+ Kxh7 52. Qxf6
d2 53. Qd6 1-0

[Event "Weekend Accademia Inverno"]
[Site "Roma ITA"]
[Date "2010.02.12"]
[Round "1"]
[White "Chiaretti, Roberto"]
[Black "Tomassetti, Giuseppe"]
[Result "1-0"]
[WhiteElo "2172"]
[BlackElo "1704"]
[PlyCount "29"]
[EventDate "2010.02.12"]

1. e4 e5 2. Nf3 Nc6 3. Nc3 Bc5 4. Nxe5 Bxf2+ 5. Kxf2 Nxe5 6. d4 Qh4+ 7. g3 Qf6+
8. Kg2 Ng6 9. Bc4 Nh6 10. Rf1 Qc6 11. Bd5 Qa6 12. Bxh6 Nh4+ 13. gxh4 Qxh6 14.
Bxf7+ Kd8 15. Qg4 1-0

[Event "Weekend Accademia Inverno"]
[Site "Roma ITA"]
[Date "2010.02.12"]
[Round "1"]
[White "Corvi, Marco"]
[Black "Petragnani, Alessandro"]
[Result "1-0"]
[WhiteElo "2279"]
[BlackElo "1732"]
[PlyCount "99"]
[EventDate "2010.02.12"]

1. c4 g6 2. Nc3 Bg7 3. Nf3 Nf6 4. g3 c5 5. Bg2 O-O 6. O-O d6 7. d4 a6 8. dxc5
dxc5 9. Qxd8 Rxd8 10. Be3 Nfd7 11. Na4 Nc6 12. Rad1 b5 13. Nxc5 Nxc5 14. Rxd8+
Nxd8 15. Bxc5 Bb7 16. b4 Ne6 17. Rc1 Nxc5 18. bxc5 b4 19. Rd1 Bc6 20. Ne1 Bxg2
21. Kxg2 Bc3 22. Nd3 Rc8 23. Kf3 e6 24. Rc1 Kf8 25. a3 a5 26. axb4 axb4 27. Rb1
Ke7 28. Ke3 Rb8 29. Nc1 Rc8 30. Na2 Rxc5 31. Nxc3 bxc3 32. Kd4 c2 33. Rc1 Rf5
34. f4 Rh5 35. h4 Kd6 36. Rxc2 Ra5 37. Rb2 Kc6 38. Rb8 h5 39. Rc8+ Kd7 40. Rf8
Ke7 41. Rb8 Kd6 42. Rb7 f6 43. Rg7 e5+ 44. fxe5+ fxe5+ 45. Ke4 Kc5 46. Rxg6
Kxc4 47. Rc6+ Kb3 48. Re6 Ra2 49. Ke3 Ra5 50. Rh6 1-0

[Event "Weekend Accademia Inverno"]
[Site "Roma ITA"]
[Date "2010.02.12"]
[Round "1"]
[White "Di Giulio, Michele"]
[Black "Stoyko, Maksym"]
[Result "0-1"]
[WhiteElo "1674"]
[BlackElo "2152"]
[PlyCount "90"]
[EventDate "2010.02.12"]

1. d4 d5 2. c4 c6 3. e3 Bf5 4. Nf3 e6 5. Be2 Nd7 6. O-O h6 7. Nbd2 Ngf6 8. b3
Bd6 9. Bb2 Qb8 10. Re1 O-O 11. Nf1 a5 12. a3 Ne4 13. Ng3 Bh7 14. Bd3 f5 15. Qe2
g5 16. Nf1 Bg6 17. N3d2 Ndf6 18. f3 Nxd2 19. Qxd2 Kh7 20. Bc3 b6 21. b4 dxc4
22. Bxc4 e5 23. bxa5 b5 24. dxe5 Bxe5 25. Bb3 c5 26. Qb2 Bxc3 27. Qxc3 c4 28.
Bc2 Qc7 29. Qb4 Qxa5 30. Qxa5 Rxa5 31. Reb1 Rfa8 32. Kf2 Rxa3 33. Rxa3 Rxa3 34.
Ke1 Ra5 35. Kd2 Nd5 36. Ng3 f4 37. Bxg6+ Kxg6 38. exf4 gxf4 39. Ne4 b4 40. g3
Ra2+ 41. Kc1 Rxh2 42. gxf4 Rh1+ 43. Kb2 Rxb1+ 44. Kxb1 Nc3+ 45. Nxc3 bxc3 0-1

[Event "Weekend Accademia Inverno"]
[Site "Roma ITA"]
[Date "2010.02.12"]
[Round "1"]
[White "Di Tucci, Benedetto"]
[Black "Di Carlo, Adriano"]
[Result "1-0"]
[WhiteElo "1826"]
[BlackElo "1383"]
[PlyCount "45"]
[EventDate "2010.02.12"]

1. d4 d5 2. c4 c6 3. Nc3 Nf6 4. Nf3 e6 5. e3 Bd6 6. Bd3 O-O 7. e4 dxe4 8. Nxe4
Nxe4 9. Bxe4 Nd7 10. O-O e5 11. dxe5 Bxe5 12. Qc2 Nf6 13. Nxe5 Re8 14. Nxc6 Qc7
15. Bxh7+ Nxh7 16. Nd4 Re5 17. Bf4 Ng5 18. Bxe5 Qxe5 19. Rad1 Nh3+ 20. Kh1 Bg4
21. f3 Re8 22. fxg4 Rd8 23. gxh3 1-0

[Event "Weekend Accademia Inverno"]
[Site "Roma ITA"]
[Date "2010.02.12"]
[Round "1"]
[White "Failli, Riccardo"]
[Black "D'Auria, Giuseppe"]
[Result "1-0"]
[WhiteElo "2040"]
[BlackElo "1525"]
[PlyCount "92"]
[EventDate "2010.02.12"]

1. e4 e5 2. Nf3 Bc5 3. Bc4 d6 4. O-O h6 5. c3 Bg4 6. d4 exd4 7. cxd4 Bb6 8. Be3
Ne7 9. h3 Bh5 10. Nc3 c6 11. g4 d5 12. exd5 cxd5 13. Bb5+ Nbc6 14. gxh5 O-O 15.
Bxc6 bxc6 16. Ne2 Re8 17. Ng3 Bc7 18. Kg2 Qb8 19. Qd2 f5 20. Ne2 Rf8 21. Nf4
Rf6 22. Kh1 Nc8 23. Ne5 Nb6 24. b3 Qe8 25. Nfg6 Bxe5 26. dxe5 Re6 27. f4 Rd8
28. Qf2 Rb8 29. Rg1 Rb7 30. a4 Rd7 31. a5 Nc8 32. Bc5 Qd8 33. Qd4 Ne7 34. Nxe7+
Rexe7 35. Bxe7 Qxe7 36. b4 Qh4 37. Kh2 Qxh5 38. Rg2 g5 39. fxg5 hxg5 40. Rxg5+
Qxg5 41. Rg1 Qxg1+ 42. Qxg1+ Rg7 43. Qc5 f4 44. Qxc6 f3 45. Qxd5+ Rf7 46. Kg3
f2 1-0

[Event "Weekend Accademia Inverno"]
[Site "Roma ITA"]
[Date "2010.02.12"]
[Round "1"]
[White "Granitto, Francesco"]
[Black "Ottaviani, Gianluca"]
[Result "0-1"]
[WhiteElo "1425"]
[BlackElo "1914"]
[PlyCount "56"]
[EventDate "2010.02.12"]

1. e4 c5 2. Nf3 d6 3. Bc4 e6 4. d4 cxd4 5. Nxd4 Nf6 6. Nc3 a6 7. Bg5 Be7 8. a3
Qc7 9. Bb3 Nc6 10. O-O Bd7 11. Qd3 Nxd4 12. Qxd4 Rc8 13. Rfe1 Qc5 14. Qd2 Bc6
15. Rad1 O-O 16. h3 Rfe8 17. Kf1 Rcd8 18. Qd4 Qxg5 19. Rd3 Qc5 20. Qxc5 dxc5
21. Rxd8 Rxd8 22. e5 Nd5 23. Ne4 Nf4 24. f3 Bxe4 25. Rxe4 g5 26. Bc4 Rd1+ 27.
Kf2 Rd2+ 28. Be2 Rxc2 0-1

[Event "Weekend Accademia Inverno"]
[Site "Roma ITA"]
[Date "2010.02.12"]
[Round "1"]
[White "Iandolo, Marco"]
[Black "Lami, Damiano"]
[Result "1-0"]
[WhiteElo "1931"]
[BlackElo "1479"]
[PlyCount "131"]
[EventDate "2010.02.12"]

1. Nf3 Nf6 2. g3 g6 3. b4 Bg7 4. Bb2 O-O 5. Bg2 d5 6. O-O Nbd7 7. d3 c5 8. a3
b6 9. Nbd2 Qc7 10. bxc5 bxc5 11. c4 Rb8 12. Rb1 d4 13. Re1 Bb7 14. e4 e5 15.
Nh4 Bc8 16. Bc1 Nh5 17. Rxb8 Qxb8 18. Ndf3 Ndf6 19. Bg5 h6 20. Bd2 g5 21. Nf5
Bxf5 22. exf5 Re8 23. h4 e4 24. dxe4 Nxe4 25. hxg5 hxg5 26. Bxg5 Nc3 27. Rxe8+
Qxe8 28. Qe1 Qxe1+ 29. Nxe1 Nb1 30. a4 d3 31. Nxd3 Bd4 32. g4 Ng7 33. Be7 Nd2
34. Bxc5 Bxc5 35. Nxc5 Nxc4 36. Nd7 Nb6 37. Nxb6 axb6 38. f4 f6 39. Kf2 Kf8 40.
Ke3 Ke7 41. Kd4 Kd6 42. Be4 Ne8 43. g5 Ke7 44. Bc2 Kd6 45. Kc4 Kc6 46. Be4+ Kc7
47. Kd5 Kd7 48. Bd3 Nc7+ 49. Ke4 Ke7 50. Bc4 Ne8 51. Kd5 Ng7 52. Bd3 Nh5 53.
Ke4 Ng3+ 54. Kf3 Nh5 55. Kg4 Ng7 56. Bb5 Kf7 57. Bd7 Ke7 58. Be6 Ne8 59. Kh5
Kf8 60. Kg6 Ke7 61. Kh7 Kf8 62. Bd7 Nd6 63. g6 Ke7 64. g7 Kxd7 65. g8=Q Ne8 66.
Qe6+ 1-0

[Event "Weekend Accademia Inverno"]
[Site "Roma ITA"]
[Date "2010.02.12"]
[Round "1"]
[White "Melissa, Raffaello"]
[Black "Bonaposta, Fabrizio"]
[Result "0-1"]
[WhiteElo "1613"]
[BlackElo "2047"]
[PlyCount "54"]
[EventDate "2010.02.12"]

1. e4 c5 2. c3 Nf6 3. e5 Nd5 4. Bc4 Nb6 5. Bb3 d5 6. d4 cxd4 7. cxd4 Bf5 8. Nf3
Nc6 9. a3 e6 10. O-O Be7 11. Nc3 O-O 12. Ne2 Rc8 13. Ng3 Bg6 14. Bf4 Nc4 15.
Qe2 Qb6 16. Bxc4 dxc4 17. Be3 Bd3 18. Qd2 Qd8 19. Rfd1 Na5 20. Bh6 Nb3 21. Qf4
Nxa1 22. Bxg7 Kxg7 23. Nh5+ Kh8 24. Nf6 Bxf6 25. exf6 Rg8 26. Rxd3 cxd3 27. Ne5
Qc7 0-1

[Event "Weekend Accademia Inverno"]
[Site "Roma ITA"]
[Date "2010.02.12"]
[Round "1"]
[White "Milani, Patrizia"]
[Black "De Santis, Emilio"]
[Result "0-1"]
[WhiteElo "1407"]
[BlackElo "1897"]
[PlyCount "27"]
[EventDate "2010.02.12"]

1. e4 e6 2. d4 d5 3. e5 c5 4. Nf3 cxd4 5. Nxd4 Nc6 6. Bb5 Bd7 7. Bxc6 bxc6 8.
O-O c5 9. Nf3 Ne7 10. c3 Ng6 11. Be3 Qc7 12. Nbd2 Nxe5 13. Nxe5 Qxe5 14. f4 0-1

[Event "Weekend Accademia Inverno"]
[Site "Roma ITA"]
[Date "2010.02.12"]
[Round "1"]
[White "Musmarra, Giovanni"]
[Black "Vuelban, Virgilio"]
[Result "0-1"]
[WhiteElo "1735"]
[BlackElo "2353"]
[PlyCount "56"]
[EventDate "2010.02.12"]

1. e4 c5 2. Nf3 Nc6 3. d4 cxd4 4. Nxd4 Nf6 5. Nc3 d6 6. Bc4 e5 7. Nb3 Be6 8.
Bxe6 fxe6 9. Bg5 Be7 10. Qd2 O-O 11. Rd1 Rc8 12. O-O a6 13. Kh1 b5 14. Bxf6
Rxf6 15. Ne2 Qb6 16. Ng3 Rcf8 17. f3 Rh6 18. Ne2 Rg6 19. Nc3 Rd8 20. Qf2 Qb8
21. Rd3 Bg5 22. Rfd1 Nb4 23. h4 Nxd3 24. Rxd3 Bxh4 25. Qd2 Bg3 26. Kg1 Qb6+ 27.
Kf1 Rh6 28. Qe3 Rh1+ 0-1

[Event "Weekend Accademia Inverno"]
[Site "Roma ITA"]
[Date "2010.02.12"]
[Round "1"]
[White "Napoli, Nicolo'"]
[Black "Maddaloni, Giovanni"]
[Result "1-0"]
[WhiteElo "2378"]
[BlackElo "1767"]
[PlyCount "69"]
[EventDate "2010.02.12"]

1. e4 c5 2. Nf3 d6 3. c3 g6 4. d4 cxd4 5. cxd4 Bg7 6. Nc3 Nf6 7. Bc4 O-O 8. O-O
Nc6 9. h3 b6 10. Qe2 Bb7 11. e5 dxe5 12. dxe5 Ne8 13. e6 f6 14. Rd1 Nd6 15. Bf4
Ne5 16. Bd5 Bxd5 17. Rxd5 Qc8 18. Nd4 Qc4 19. Bxe5 Qxe2 20. Ncxe2 fxe5 21. Nc6
Nf5 22. Rad1 e4 23. b4 Bf6 24. g4 Nh4 25. Ng3 Nf3+ 26. Kg2 Nh4+ 27. Kh1 Rfc8
28. b5 a6 29. Nxe4 Kg7 30. Rd7 Re8 31. g5 Bb2 32. Nxe7 Kf8 33. Nf6 Bxf6 34.
gxf6 axb5 35. f7 1-0

[Event "Weekend Accademia Inverno"]
[Site "Roma ITA"]
[Date "2010.02.12"]
[Round "1"]
[White "Pecorari, Marcello"]
[Black "Squicciarini, Simone"]
[Result "1-0"]
[WhiteElo "2054"]
[BlackElo "1614"]
[PlyCount "73"]
[EventDate "2010.02.12"]

1. e4 d6 2. d4 Nf6 3. Nc3 g6 4. Be3 Bg7 5. f3 c6 6. Qd2 b5 7. O-O-O b4 8. Nce2
a5 9. g4 Nbd7 10. g5 Nh5 11. Ng3 Nb6 12. Nxh5 gxh5 13. Bd3 Be6 14. b3 O-O 15.
Ne2 c5 16. dxc5 dxc5 17. Bxc5 Qc7 18. Bd4 Bxd4 19. Nxd4 Qe5 20. Qe3 Nd5 21. Qf2
Nc3 22. Rd2 a4 23. f4 Nxa2+ 24. Kd1 Bg4+ 25. Ke1 Qc7 26. h3 Bd7 27. bxa4 Rxa4
28. Kf1 Nc3 29. Kg2 Rfa8 30. Nf5 Bxf5 31. exf5 Ra1 32. Rxa1 Rxa1 33. g6 Qc6+
34. Kg3 hxg6 35. fxg6 fxg6 36. Qd4 Qe6 37. Bc4 1-0

[Event "Weekend Accademia Inverno"]
[Site "Roma ITA"]
[Date "2010.02.12"]
[Round "1"]
[White "Pica, Livia"]
[Black "Ingravallo, Onofrio"]
[Result "0-1"]
[WhiteElo "1379"]
[BlackElo "1812"]
[PlyCount "50"]
[EventDate "2010.02.12"]

1. e4 e6 2. d4 d5 3. Nc3 Bb4 4. exd5 Qxd5 5. Nf3 Bxc3+ 6. bxc3 Ne7 7. Bd3 O-O
8. O-O Nbc6 9. Re1 Re8 10. Be4 Qd6 11. Rb1 Ng6 12. Rb3 b6 13. Ba3 Qd7 14. Qd2
Ba6 15. Qe3 Bc4 16. Rb2 Bd5 17. Rb5 Na5 18. Rbb1 Nc4 19. Ne5 Ngxe5 20. Bxh7+
Kxh7 21. Qh3+ Kg8 22. dxe5 Nxa3 23. Rbd1 g6 24. Rd4 Kg7 25. Qh4 Qe7 0-1

[Event "Weekend Accademia Inverno"]
[Site "Roma ITA"]
[Date "2010.02.12"]
[Round "1"]
[White "Pipitone, Filippo Massimo"]
[Black "Trebeschi, Andrea"]
[Result "0-1"]
[WhiteElo "1501"]
[BlackElo "2039"]
[PlyCount "74"]
[EventDate "2010.02.12"]

1. e4 d6 2. d4 Nf6 3. Nc3 g6 4. f4 Bg7 5. Nf3 c5 6. Be2 O-O 7. Be3 Ng4 8. Bg1
Qa5 9. Qd2 Nc6 10. O-O-O Nxd4 11. Nxd4 cxd4 12. Bxd4 Bxd4 13. Qxd4 e5 14. Qd5
Qxd5 15. Rxd5 exf4 16. Rxd6 f5 17. Bf3 fxe4 18. Nxe4 Bf5 19. Bxg4 Bxe4 20. Be6+
Kg7 21. Bd5 Bxd5 22. Rxd5 Rae8 23. Kd2 f3 24. gxf3 Rxf3 25. Re1 Rf2+ 26. Kd1
Rxe1+ 27. Kxe1 Rxc2 28. Rd7+ Kh6 29. Rxb7 Rxh2 30. a4 a5 31. Rb5 g5 32. b4 axb4
33. Rxb4 Ra2 34. Kd1 Kh5 35. Kc1 g4 36. Kb1 Rf2 37. a5 g3 0-1

[Event "Weekend Accademia Inverno"]
[Site "Roma ITA"]
[Date "2010.02.12"]
[Round "1"]
[White "Proietti, Giorgio"]
[Black "Angelastro, Ariel Francisc"]
[Result "1-0"]
[WhiteElo "1910"]
[BlackElo "1419"]
[PlyCount "39"]
[EventDate "2010.02.12"]

1. d4 Nf6 2. c4 g6 3. Nc3 Bg7 4. e4 d6 5. Nf3 O-O 6. Be2 Na6 7. O-O c5 8. Re1
cxd4 9. Nxd4 Nc5 10. f3 a6 11. b4 Ne6 12. Be3 Qc7 13. Rc1 Rd8 14. Nd5 Nxd5 15.
cxd5 Qd7 16. dxe6 fxe6 17. Nxe6 Qxe6 18. Bc4 d5 19. Bxd5 Rxd5 20. exd5 1-0

[Event "Weekend Accademia Inverno"]
[Site "Roma ITA"]
[Date "2010.02.12"]
[Round "1"]
[White "Quimi, Marco"]
[Black "Baruffaldi, Giuseppe"]
[Result "1-0"]
[WhiteElo "2147"]
[BlackElo "1655"]
[PlyCount "87"]
[EventDate "2010.02.12"]

1. d4 Nf6 2. Nf3 d5 3. Bf4 Nbd7 4. Nbd2 e6 5. e3 Be7 6. Ne5 Nxe5 7. dxe5 Ne4 8.
Nxe4 dxe4 9. Qxd8+ Bxd8 10. g4 g5 11. Bg3 Bd7 12. Bg2 Bc6 13. O-O-O Be7 14. h4
h6 15. hxg5 Bxg5 16. Rd4 Rd8 17. Rhd1 Rxd4 18. Rxd4 f5 19. exf6 Bxf6 20. Rc4 h5
21. gxh5 Rxh5 22. Bxe4 Bxe4 23. Rxe4 Kd7 24. c3 c6 25. a4 a6 26. Kc2 b5 27. Kb3
c5 28. Rg4 Rg5 29. Rxg5 Bxg5 30. c4 b4 31. Be5 Bh4 32. f4 Bf2 33. e4 Bg3 34.
Kc2 Bh4 35. b3 Bg3 36. Kd3 Bh2 37. Ke2 Bg3 38. Kf3 Be1 39. Kg4 Bc3 40. Kg5 Ke7
41. Kg6 Bd4 42. Bg7 Bc3 43. f5 exf5 44. exf5 1-0